000 01742nam a2200373 c 4500
999 _c419967
_d419967
003 BLK
005 20240410114724.0
008 180411b bul|||||r ||||||| ||bul||
040 _aBLK
041 _aBUL
_cBUL
_cENG
080 _aСбирки. Експониране. Подразделят се със знак за отношение
_b069.5
_x(497.2)(083.824)
_z069.5(497.2)(083.824)
080 _aИсторически музеи
_b069.02:93/99
_x(497.235.1)
_z069.02:93/99(497.235.1)
139 _aОт Виена и Константинопол
_bО 88
245 1 0 _aОт Виена и Константинопол
_bЕтнография на града : Каталог на изложба
_cтекст Николай Ненов, Ангел Янков; прев. от бълг. Стефана Йорова
257 _aBGR
260 _bРегионален етнографски музей - Пловдив; РИМ - Русе
_c2018
_fПловдив : Богара
_aПловдив
300 _a36 с.
_bс цв. ил.
_c20 см
380 _a0
650 0 _aИсторически музеи - каталози, пътеводители
_9292166
651 7 _aРусе
_9179462
651 7 _aПловдив
_9179377
653 _aмузеи
653 _aизложби
653 _aкаталози
700 _aНенов, Николай Иванов
_gисторик, професор, доктор, Русенски ист. музей
_9366222
700 1 _aЯнков, Ангел
_eтекст
_9302156
852 _bК
_cК 0/О-88
852 _bК
_cК 0/О-88
856 4 _qpdf
856 4 _qpdf
942 _cKNG
_n0
_s1
944 _aCR
_c2021-06-15
_k30560
_lГеновева Генчева
999 _d419967